MARC details
| 000 -BAŞLIK |
| Sabit Uzunlukta Kontrol Alanı |
01511na a2200397 4500 |
| 001 - KONTROL NUMARASI |
| Denetim Alanı |
18399 |
| 003 - KONTROL NUMARASI IDENTIFIER |
| Denetim Alanı |
MIRAKIL |
| 005 - SON İŞLEM TARİHİ VE ZAMANI |
| Denetim Alanı |
20181213155225.0 |
| 008 - SABİT-BOY VERİ ELEMANLARI - GENEL BİLGİLER |
| Sabit Uzunlukta Kontrol Alanı |
161117b tu 000 0 |
| 035 ## - SİSTEM KONTROL NUMARASI |
| Sistem Kontrol Numarası |
18399 |
| 040 ## - KATALOGLAMA KAYNAK |
| Orijinal Kataloglama Ajansı |
Milas |
| Kataloglama Dili |
tur |
| Metne Dönüştürmek Ajansı |
TR-AnCHP |
| 041 ## - DİL KODU |
| Metin / Ses Parça Veya Ayrı Başlığın Dil Kodu |
tur |
| 082 ## - DEWEY ONLU SINIFLANDIRMA NUMARASI |
| Sınıflandırma Numarası |
324.2382 |
| Ürün Numarası |
A49p [2000?] |
| 090 ## - SINIFLAMA NUMARASI |
| Sınıflama Numarası |
324.2382 A49p [2000?] |
| 110 ## - ANA GİRİŞ - KURUMSAL ADI |
| Giriş Elemanı Olarak Kurumsal Ad Veya Yargı Alanı Adı |
Adalet ve Kalkınma Partisi (AKP) |
| 245 ## - BAŞLIK TABLOSU |
| Başlık |
Parti tüzüğü, teşkilat iç yönetmeliği, kongre yönetmeliği, kalkınma ve demokratikleşme programı, TBMM Grup iç yönetmeliği, 2820 sayılı siyasi partiler kanunu, seçimlerin temel hükümleri ve seçmen kütükleri hakkında kanun |
| Sorumluluk Tablosu, Vb |
[hazırlayan] AK Parti Genel Merkez |
| 260 ## - YAYIN, DAĞITIM, VB |
| Yayın, Dağıtım, Vb Yeri |
Ankara |
| Yayıncı, Dağıtıcı, Vs Adı |
AKP |
| Yayın, Dağıtım, Vb Tarihi |
[2000?] |
| 300 ## - FİZİKSEL TANIM |
| Kapsam |
542 s. |
| Diğer Fiziksel Ayrıntıları |
tbl. |
| Boyutlar |
21 sm. |
| 490 ## - SERİSİ TABLOSU |
| Seri Beyanı |
AK Parti Genel Merkez yayınları |
| 610 ## - KONU KATMA GİRİŞ - TOPLANTI ADI |
| Giriş Elemanı Olarak Kurumsal Ad Veya Yargı Alanı Adı |
AKP |
| Genel Alt Bölüm |
Kurallar ve uygulamalar |
| 610 ## - KONU KATMA GİRİŞ - TOPLANTI ADI |
| Giriş Elemanı Olarak Kurumsal Ad Veya Yargı Alanı Adı |
AKP |
| Genel Alt Bölüm |
Kongreler |
| 610 ## - KONU KATMA GİRİŞ - TOPLANTI ADI |
| Giriş Elemanı Olarak Kurumsal Ad Veya Yargı Alanı Adı |
AKP |
| Genel Alt Bölüm |
Programlar |
| 610 ## - KONU KATMA GİRİŞ - TOPLANTI ADI |
| Giriş Elemanı Olarak Kurumsal Ad Veya Yargı Alanı Adı |
AKP |
| Genel Alt Bölüm |
Yönetmelikler |
| 610 ## - KONU KATMA GİRİŞ - TOPLANTI ADI |
| Giriş Elemanı Olarak Kurumsal Ad Veya Yargı Alanı Adı |
AKP |
| Genel Alt Bölüm |
Tüzükler |
| 650 ## - KONU KATMA GİRİŞ - TOPİKAL DÖNEM |
| Topikal Süreli Veya Coğrafi Ad Giriş Elemanı |
Siyasal partiler |
| Genel Alt Bölümü |
Tüzük ve yönetmelikler |
| Coğrafi Alt Bölümü |
Türkiye |
| 651 ## - KONU KATMA GİRİŞ - COĞRAFİ ADI |
| Coğrafi İsim |
Türkiye |
| Genel Alt Bölümü |
Siyaset ve yönetim |
| Kronolojik Alt Bölümü |
2002- |
| 740 ## - KATMA GİRİŞ - KONTROLSUZ İLGİLİ / ANALİTİK BAŞLIK |
| Kontrol Edilmeyen / İlgili Analitik Başlıktaki |
Seçimlerin temel hükümleri ve seçmen kütükleri hakkında kanun |
| 740 ## - KATMA GİRİŞ - KONTROLSUZ İLGİLİ / ANALİTİK BAŞLIK |
| Kontrol Edilmeyen / İlgili Analitik Başlıktaki |
2820 sayılı siyasi partiler kanunu |
| 740 ## - KATMA GİRİŞ - KONTROLSUZ İLGİLİ / ANALİTİK BAŞLIK |
| Kontrol Edilmeyen / İlgili Analitik Başlıktaki |
TBMM Grup iç yönetmeliği |
| 740 ## - KATMA GİRİŞ - KONTROLSUZ İLGİLİ / ANALİTİK BAŞLIK |
| Kontrol Edilmeyen / İlgili Analitik Başlıktaki |
Kalkınma ve demokratikleşme programı |
| 740 ## - KATMA GİRİŞ - KONTROLSUZ İLGİLİ / ANALİTİK BAŞLIK |
| Kontrol Edilmeyen / İlgili Analitik Başlıktaki |
Kongre yönetmeliği |
| 740 ## - KATMA GİRİŞ - KONTROLSUZ İLGİLİ / ANALİTİK BAŞLIK |
| Kontrol Edilmeyen / İlgili Analitik Başlıktaki |
Teşkilat iç yönetmeliği |
| 740 ## - KATMA GİRİŞ - KONTROLSUZ İLGİLİ / ANALİTİK BAŞLIK |
| Kontrol Edilmeyen / İlgili Analitik Başlıktaki |
Parti tüzüğü |
| 830 ## - SERİSİ EKLENDİ GİRİŞ - ÜNİFORM ADI |
| Üniforma Başlık |
AKP yayınları |
| 942 ## - EKLENDİ GİRİŞ ELEMANLARI (KOHA) |
| Sınıflandırma Veya Raf Düzeni Kaynak |
Dewey Decimal Classification |
| Koha Öğesi Türü |
Books |
| 999 ## - SİSTEM KONTROL NUMARALARI (KOHA) |
| Koha Biblionumber |
8817 |
| Koha Biblioitemnumber |
8817 |